| 000 | 00795nam a2200229Ia 4500 | ||
|---|---|---|---|
| 003 | GCL | ||
| 008 | 140319s9999 xx 000 0 ara d | ||
| 040 |
_aGCL / _cGCL |
||
| 082 | 0 | 4 |
_a956.5 _bى د |
| 100 | 1 | _aيوسف قزما خورى | |
| 245 | 1 | 0 |
_aالدكتور كرنيليوس فان ديك ونهضة الايار الشامية العلمية فى القرن التاسع عشر / _cيوسف قزما خورى |
| 260 |
_a[S.N] : _bدار سورقيا للنشر |
||
| 300 | _a224 ص | ||
| 490 | _a | ||
| 650 | 0 | 4 | _aتاريخ |
| 650 | 0 | 4 | _aالحضارة العربية الاسلامية - المعارف البحرية |
| 650 | 0 | 4 | _aالاحوال الاجتماعية |
| 650 | 0 | 4 | _aسوريا |
| 650 | 0 | 4 | _aالشام |
| 650 | 0 | 4 | _aالمستشرقون |
| 942 |
_2ddc _cBK |
||
| 999 |
_c35962 _d35962 |
||